| 000 | 00537nam a2200181Ia 4500 | ||
|---|---|---|---|
| 999 |
_c14776 _d14776 |
||
| 003 | OSt | ||
| 005 | 20201019121756.0 | ||
| 008 | 190216s9999||||xx |||||||||||||| ||und|| | ||
| 020 | _a9780199298020 | ||
| 040 | _coclc | ||
| 082 |
_a306.709 _bMOT/S |
||
| 100 |
_aMottier, Veronique _95904 |
||
| 245 | 0 |
_aSexuality A Very Short Introduction / _cVeronique Mottier |
|
| 260 |
_bOxford University Press, _c2008. _aNew York: |
||
| 300 | _a151p | ||
| 650 | _aEnglish | ||
| 942 |
_cBK _2ddc _h306.709 _iMOT/S _k306.709 _mMOT/S |
||